<?xml version="1.0" encoding="UTF-8"?>
<record
    xmlns:xsi="http://www.w3.org/2001/XMLSchema-instance"
    xsi:schemaLocation="http://www.loc.gov/MARC21/slim http://www.loc.gov/standards/marcxml/schema/MARC21slim.xsd"
    xmlns="http://www.loc.gov/MARC21/slim">

  <leader>01258cam a2200301 a 4500</leader>
  <controlfield tag="001">000015184</controlfield>
  <controlfield tag="005">20200929163957.0</controlfield>
  <controlfield tag="008">870226s1978    gt a     b    000 0 spa c</controlfield>
  <datafield tag="035" ind1=" " ind2=" ">
    <subfield code="a">(DLC) 87672333</subfield>
  </datafield>
  <datafield tag="040" ind1=" " ind2=" ">
    <subfield code="a">DO-SdBNP</subfield>
    <subfield code="b">spa</subfield>
    <subfield code="c">BNPHU</subfield>
    <subfield code="d">DLC</subfield>
  </datafield>
  <datafield tag="050" ind1="1" ind2="4">
    <subfield code="a">F1465.2.Q5</subfield>
    <subfield code="b">F34x 1978</subfield>
  </datafield>
  <datafield tag="082" ind1=" " ind2=" ">
    <subfield code="a">nn</subfield>
    <subfield code="b">F194q</subfield>
  </datafield>
  <datafield tag="100" ind1="1" ind2=" ">
    <subfield code="a">Falla, Ricardo,</subfield>
    <subfield code="d">1932-</subfield>
    <subfield code="9">34392</subfield>
  </datafield>
  <datafield tag="245" ind1="1" ind2="0">
    <subfield code="a">Quich&#xE9; rebelde :</subfield>
    <subfield code="b">estudio de un movimiento de conversi&#xF3;n religiosa, rebelde a las creencias tradicionales, en San Antonio Ilotenanga, Quich&#xE9; (1948-1970) /</subfield>
    <subfield code="c">Ricardo Falla.</subfield>
  </datafield>
  <datafield tag="260" ind1=" " ind2=" ">
    <subfield code="a">San Carlos :</subfield>
    <subfield code="b">Universitaria de Guatemala,</subfield>
    <subfield code="c">1978.</subfield>
  </datafield>
  <datafield tag="300" ind1=" " ind2=" ">
    <subfield code="a">574 p. :</subfield>
    <subfield code="b">il. ;</subfield>
    <subfield code="c">18 cm.</subfield>
  </datafield>
  <datafield tag="490" ind1="1" ind2=" ">
    <subfield code="a">"Realidad nuestra"</subfield>
    <subfield code="v">7</subfield>
  </datafield>
  <datafield tag="500" ind1=" " ind2=" ">
    <subfield code="a">Originalmente presentado como tesis del autor (Ph. D. - Universidad de Texas, 1975) bajo el t&#xED;tulo: La conversi&#xF3;n religiosa.</subfield>
  </datafield>
  <datafield tag="504" ind1=" " ind2=" ">
    <subfield code="a">Bibliograf&#xED;a: p. [561]-572.</subfield>
  </datafield>
  <datafield tag="650" ind1=" " ind2="0">
    <subfield code="a">Quiche indians</subfield>
    <subfield code="x">Religion.</subfield>
    <subfield code="9">34393</subfield>
  </datafield>
  <datafield tag="650" ind1=" " ind2="0">
    <subfield code="a">Catholic action</subfield>
    <subfield code="z">Guatemala</subfield>
    <subfield code="z">Quiche.</subfield>
    <subfield code="9">34394</subfield>
  </datafield>
  <datafield tag="650" ind1=" " ind2="0">
    <subfield code="a">Indians of central america</subfield>
    <subfield code="z">Guatemala</subfield>
    <subfield code="z">Quiche</subfield>
    <subfield code="x">Religion.</subfield>
    <subfield code="9">34395</subfield>
  </datafield>
  <datafield tag="650" ind1=" " ind2="0">
    <subfield code="a">Conversion.</subfield>
    <subfield code="9">34396</subfield>
  </datafield>
  <datafield tag="610" ind1="1" ind2="0">
    <subfield code="a">Catholic Church</subfield>
    <subfield code="z">Guatemala</subfield>
    <subfield code="z">Quiche.</subfield>
    <subfield code="9">34397</subfield>
  </datafield>
  <datafield tag="830" ind1=" " ind2="0">
    <subfield code="a">"Realidad nuestra" ;</subfield>
    <subfield code="v">7</subfield>
    <subfield code="9">34398</subfield>
  </datafield>
  <datafield tag="910" ind1=" " ind2=" ">
    <subfield code="a">Catalogaci&#xF3;n por copia / LC</subfield>
  </datafield>
  <datafield tag="049" ind1=" " ind2=" ">
    <subfield code="a">BNGR</subfield>
  </datafield>
  <datafield tag="952" ind1=" " ind2=" ">
    <subfield code="0">0</subfield>
    <subfield code="1">0</subfield>
    <subfield code="5">2</subfield>
    <subfield code="7">0</subfield>
    <subfield code="8">MO</subfield>
    <subfield code="a">GR</subfield>
    <subfield code="b">GR</subfield>
    <subfield code="c">CT</subfield>
    <subfield code="d">2010-02-02</subfield>
    <subfield code="i">LF1</subfield>
    <subfield code="l">0</subfield>
    <subfield code="o">nn F194q</subfield>
    <subfield code="p">15184-10</subfield>
    <subfield code="r">2020-06-25</subfield>
    <subfield code="w">2020-06-25</subfield>
    <subfield code="y">2</subfield>
    <subfield code="Z">Pr&#xE9;stamo interno</subfield>
  </datafield>
  <datafield tag="999" ind1=" " ind2=" ">
    <subfield code="c">14755</subfield>
    <subfield code="d">14755</subfield>
  </datafield>
</record>
